Právněhistorické studie

Bibliographic Details
Corporate Author: Univerzita Karlova. Právnická fakulta. Ústav právních dějin
Format: Journal
Language:Czech
English
German
Russian
Slovak
PhysicalDescription:zv. 24 cm
Published: Praha Nakladatelství Československé akademie věd 1955-
Praha Academia - nakladatelství Československé akademie věd
Praha Karolinum
Praha Univerzita Karlova
ISSN:0079-4929
Subjects:

MARC

LEADER 00000cas a22000004a 4500
001 vtls010463505
003 SK-MaSNL
005 20260228161210.0
008 121024c19559999xr fr p gwgv 00 b1cze c
022 |a 0079-4929 
040 |a SVKPO  |b slo  |c SVKPO  |d SVKBB  |d SNK  |e AACR2 
041 0 |a cze  |a eng  |a ger  |a rus  |a slo 
044 |a xr  |c CZ 
080 |a 34  |2 2001 
080 |a 93/94  |2 2001 
210 0 |a Práv.hist. stud.  |b (Print) 
222 0 |a Právněhistorické studie  |b (Print) 
245 0 0 |a Právněhistorické studie 
260 |a Praha  |b Nakladatelství Československé akademie věd  |c 1955- 
260 2 |3 1965-1990  |a Praha  |b Academia - nakladatelství Československé akademie věd 
260 2 |3 1992-2011  |a Praha  |b Karolinum 
260 3 |3 2012-  |a Praha  |b Univerzita Karlova 
300 |a zv.  |c 24 cm 
310 |a 3x ročně  |b 2020- 
321 |a Nepravidelná periodicita  |b 1955-2013 
321 |a 2x ročne  |b 2014-2019 
362 0 |a Roč. 1 (1955)- 
500 |a Prvý vydavateľ: Československá akademie věd, sekce ekonomicko-právní 
500 |a Popis podľa: 1/1955 
500 |a Vydavateľ: Ústav právních dějin Právnické fakulty UK, Karolinum; od čísla 41 (2012): Univerzita Karlova v Praze 
500 |a Čiastočne anglický, nemecký, ruský a slovenský text 
500 |a Niektoré zväzky sú písané monograficky, s vlastnými tematickými podnázvami 
650 0 7 |a právo  |2 SNKPH  |9 976 
650 0 7 |a právne dejiny  |2 SNKPH  |9 977 
655 7 |a časopisy vysokých škôl  |2 SNKPH  |9 266512 
710 2 |a Univerzita Karlova.  |b Právnická fakulta.  |b Ústav právních dějin  |9 179865 
852 |a Štátna vedecká knižnica v Banskej Bystrici 
910 |a kuruk 
910 |a snk 
999 |c 4643  |d 6573 
952 |0 0  |1 1  |4 0  |7 0  |a SNK  |b SNK  |d 2000-02-29  |l 0  |o snkČC 1320/14/1969  |p 17A0229761  |r 2005-01-02 00:00:00  |w 2026-02-21  |y PREZ 
952 |0 0  |1 0  |4 0  |7 0  |a SNK  |b SNK  |d 2000-07-25  |l 0  |o snkČC 1320/18/1974  |p 17A0245837  |r 2005-01-02 00:00:00  |w 2026-02-21  |y PREZ 
952 |0 0  |1 1  |4 0  |7 0  |a SNK  |b SNK  |d 2000-03-02  |l 0  |o snkČC 1320/21/1978  |p 17A0229733  |r 2005-01-02 00:00:00  |w 2026-02-21  |y PREZ 
952 |0 0  |1 1  |4 0  |7 0  |a SNK  |b SNK  |d 2002-07-24  |l 0  |o snkČC 1320/1/1955  |p 17A0240660  |r 2005-01-02 00:00:00  |w 2026-02-21  |y PREZ 
952 |0 0  |1 1  |4 0  |7 0  |a SNK  |b SNK  |d 2002-07-24  |l 0  |o snkČC 1320/15/1971  |p 17A0240665  |r 2005-01-02 00:00:00  |w 2026-02-21  |y PREZ 
952 |0 0  |1 1  |4 0  |7 0  |a SNK  |b SNK  |d 1997-08-28  |l 0  |o snkČC 1320/13/1967  |p 17A0091726  |r 2005-01-02 00:00:00  |w 2026-02-21  |y PREZ 
952 |0 0  |1 0  |4 0  |7 0  |a SNK  |b SNK  |d 2000-05-30  |i snkKIP 7576/65  |l 0  |o snkČC 1320/10/1964  |p 17A0241546  |r 2005-01-02 00:00:00  |w 2026-02-21  |y PREZ 
952 |0 0  |1 1  |4 0  |7 0  |a SNK  |b SNK  |d 2001-03-07  |l 0  |o snkČC 1320/17/1973  |p 17A0267474  |r 2005-01-02 00:00:00  |w 2026-02-21  |y PREZ 
952 |0 0  |1 1  |4 0  |7 0  |a SNK  |b SNK  |d 2001-04-06  |l 0  |o snkČC 1320/19/1975  |p 17A0297144  |r 2005-01-02 00:00:00  |w 2026-02-21  |y PREZ 
952 |0 0  |1 1  |4 0  |7 0  |a SNK  |b SNK  |d 2001-03-21  |l 0  |o snkČC 1320/31/1990  |p 17A0294150  |r 2005-01-02 00:00:00  |w 2026-02-21  |y PREZ 
952 |0 0  |1 1  |4 0  |7 0  |a SNK  |b SNK  |d 2001-03-21  |l 0  |o snkČC 1320/29/1989  |p 17A0294168  |r 2005-01-02 00:00:00  |w 2026-02-21  |y PREZ 
952 |0 0  |1 1  |4 0  |7 0  |a SNK  |b SNK  |d 2001-04-02  |l 0  |o snkČC 1320/9/1963  |p 17A0294633  |r 2005-01-02 00:00:00  |w 2026-02-21  |y PREZ 
952 |0 0  |1 1  |4 0  |7 0  |a SNK  |b SNK  |d 2002-07-24  |l 0  |o snkČC 1320/2/1956  |p 17A0240662  |r 2005-01-02 00:00:00  |w 2026-02-21  |y PREZ 
952 |0 0  |1 1  |4 0  |7 0  |a SNK  |b SNK  |d 2002-07-24  |l 0  |o snkČC 1320/3/1957  |p 17A0240663  |r 2005-01-02 00:00:00  |w 2026-02-21  |y PREZ 
952 |0 0  |1 1  |4 0  |7 0  |a SNK  |b SNK  |d 2002-07-24  |l 0  |o snkČC 1320/5/1959  |p 17A0240700  |r 2005-01-02 00:00:00  |w 2026-02-21  |y PREZ 
952 |0 0  |1 1  |4 0  |7 0  |a SNK  |b SNK  |d 2002-07-24  |l 0  |o snkČC 1320/6/1960  |p 17A0240673  |r 2005-01-02 00:00:00  |w 2026-02-21  |y PREZ 
952 |0 0  |1 1  |4 0  |7 0  |a SNK  |b SNK  |d 2002-07-24  |l 0  |o snkČC 1320/7/1961  |p 17A0240664  |r 2005-01-02 00:00:00  |w 2026-02-21  |y PREZ 
952 |0 0  |1 1  |4 0  |7 0  |a SNK  |b SNK  |d 2002-07-24  |l 0  |o snkČC 1320/8/1962  |p 17A0240730  |r 2005-01-02 00:00:00  |w 2026-02-21  |y PREZ 
952 |0 0  |1 1  |4 0  |7 0  |a SNK  |b SNK  |d 2002-07-24  |l 0  |o snkČC 1320/11/1965  |p 17A0240710  |r 2005-01-02 00:00:00  |w 2026-02-21  |y PREZ 
952 |0 0  |1 1  |4 0  |7 0  |a SNK  |b SNK  |d 2002-07-24  |l 0  |o snkČC 1320/12/1966  |p 17A0240729  |r 2005-01-02 00:00:00  |w 2026-02-21  |y PREZ 
952 |0 0  |1 1  |4 0  |7 0  |a SNK  |b SNK  |d 2002-07-24  |l 0  |o snkČC 1320/16/1971  |p 17A0240666  |r 2005-01-02 00:00:00  |w 2026-02-21  |y PREZ 
952 |0 0  |1 1  |4 0  |7 0  |a SNK  |b SNK  |d 2002-07-24  |l 0  |o snkČC 1320/22/1979  |p 17A0240667  |r 2005-01-02 00:00:00  |w 2026-02-21  |y PREZ 
952 |0 0  |1 1  |4 0  |7 0  |a SNK  |b SNK  |d 2002-07-24  |l 0  |o snkČC 1320/23/1980  |p 17A0240668  |r 2005-01-02 00:00:00  |w 2026-02-21  |y PREZ 
952 |0 0  |1 1  |4 0  |7 0  |a SNK  |b SNK  |d 2002-07-24  |l 0  |o snkČC 1320/24/1981  |p 17A0240701  |r 2005-01-02 00:00:00  |w 2026-02-21  |y PREZ 
952 |0 0  |1 1  |4 0  |7 0  |a SNK  |b SNK  |d 2002-07-24  |l 0  |o snkČC 1320/25/1983  |p 17A0240702  |r 2005-01-02 00:00:00  |w 2026-02-21  |y PREZ 
952 |0 0  |1 1  |4 0  |7 0  |a SNK  |b SNK  |d 2002-07-24  |l 0  |o snkČC 1320/26/1984  |p 17A0240669  |r 2005-01-02 00:00:00  |w 2026-02-21  |y PREZ 
952 |0 0  |1 1  |4 0  |7 0  |a SNK  |b SNK  |d 2002-07-24  |l 0  |o snkČC 1320/27/1986  |p 17A0240687  |r 2005-01-02 00:00:00  |w 2026-02-21  |y PREZ 
952 |0 0  |1 1  |4 0  |7 0  |a SNK  |b SNK  |d 2002-07-24  |l 0  |o snkČC 1320/28/1987  |p 17A0240681  |r 2005-01-02 00:00:00  |w 2026-02-21  |y PREZ 
952 |0 0  |1 1  |4 0  |7 0  |a SNK  |b SNK  |d 2002-07-24  |l 0  |o snkČC 1320/30/1989  |p 17A0240733  |r 2005-01-02 00:00:00  |w 2026-02-21  |y PREZ 
952 |0 0  |1 1  |4 0  |7 0  |a SNK  |b SNK  |d 2000-03-02  |l 0  |o snkČC 1320/20/1977  |p 17A0227838  |r 2005-01-02 00:00:00  |w 2026-02-21  |y PREZ